[Event "Polanica Zdroj 74/223"]
[Site "?"]
[Date "1998.??.??"]
[Round "?"]
[White "Rublevsky, Sergei"]
[Black "Ivanchuk, Vassily"]
[Result "1/2-1/2"]
[WhiteElo "2685"]
[BlackElo "2730"]
[PlyCount "84"]
[EventDate "1998.??.??"]
[Source "ChessBase"]
[SourceDate "1998.10.01"]

1. e4 c5 2. Nf3 d6 3. Bb5+ Nc6 4. Bxc6+ bxc6 5. O-O Bg4 6. c3 Nf6 7. d3 Nd7 8. Be3 Qb8 9. Nbd2 Qxb2 10. d4 cxd4 11. cxd4 g6 12. Qa4 Qb5 13. Qa3 Nb6 14. Rfc1 Bg7 15. Rab1 Qa4 16. Qxa4 Nxa4 17. Rxc6 Rc8 18. d5 Nc3 19. Rb7 a5 20. a3 h6 21. h3 Bd7 22. Rxc8+ Bxc8 23. Rc7 Ba6 24. Kh2 O-O 25. Rxe7 Ra8 26. Rd7 Bd3 27. Bd4 Nxe4 28. Bxg7 Kxg7 29. Nxe4 Bxe4 30. Rxd6 Bxf3 31. gxf3 Rb8 32. Ra6 Rb5 33. d6 Kf6 34. d7+ Ke7 35. Rd6 Rb8 36. Rd5 Rd8 37. Rxa5 Rxd7 38. Re5+ Kf6 39. Re3 Ra7 40. Kg3 Ra4 41. f4 Kf5 42. Rb3 Kf6 1/2-1/2

[Event "RUS-Team"]
[Site "Smolensk"]
[Date "2000.04.16"]
[Round "2"]
[White "Rublevsky, Sergei"]
[Black "Fedorov, Alexei"]
[Result "1/2-1/2"]
[WhiteElo "2662"]
[BlackElo "2684"]
[PlyCount "40"]
[EventDate "2000.04.15"]
[Source "www.chesslib.no"]
[SourceDate "2004.05.04"]

1. e4 c5 2. Nf3 d6 3. Bb5+ Nd7 4. d4 Ngf6 5. O-O cxd4 6. Qxd4 e5 7. Qd3 h6 8. c4 Be7 9. Nc3 O-O 10. Bxd7 Bxd7 11. Be3 a6 12. a4 Be6 13. a5 Rc8 14. b3 Nd7 15. Nd5 Qe8 16. Rfd1 Bd8 17. Nd2 Kh7 18. f3 g6 19. Nc3 Be7 20. Nd5 Bd8 1/2-1/2

[Event "IX Foxwoods Open"]
[Site "Mashantucket USA"]
[Date "2007.04.08"]
[Round "9"]
[White "Ivanov, Alexander"]
[Black "Ehlvest, Jaan"]
[Result "1/2-1/2"]
[WhiteElo "2646"]
[BlackElo "2675"]
[PlyCount "46"]
[EventDate "2007.04.04"]
[Source "www.chesslib.no"]
[SourceDate "2004.05.04"]

1. e4 c5 2. Nf3 d6 3. Bb5+ Nd7 4. d4 Ngf6 5. Nc3 cxd4 6. Qxd4 g6 7. Nd5 Bg7 8. Nxf6+ Bxf6 9. Qb4 Qc7 10. O-O O-O 11. Be3 b6 12. Bd4 e5 13. Qc3 Nc5 14. Bxc5 dxc5 15. Bc4 Bb7 16. Qe3 Rad8 17. Rfd1 Qc8 18. Qe2 Qa8 19. Rxd8 Rxd8 20. Re1 Rd6 21. Ba6 Bc6 22. Bb5 Bb7 23. Ba6 Bc6 1/2-1/2

[Event "Beijing"]
[Site "?"]
[Date "2000.??.??"]
[Round "?"]
[White "Peng, Xiaomin"]
[Black "Xu, Jun"]
[Result "1/2-1/2"]
[WhiteElo "2655"]
[BlackElo "2665"]
[PlyCount "44"]
[EventDate "2000.??.??"]
[Source "Chess Informant"]
[SourceDate "2000.06.01"]

1. e4 c5 2. Nf3 d6 3. Bb5+ Nd7 4. d4 Ngf6 5. O-O cxd4 6. Qxd4 e5 7. Qd3 h6 8. c4 Be7 9. Nc3 O-O 10. Bxd7 Bxd7 11. Be3 Be6 12. b3 a6 13. a4 Qa5 14. Nd2 Rac8 15. Rfd1 Nd7 16. Nf1 f5 17. exf5 Bxf5 18. Qd5+ Qxd5 19. Nxd5 Bd8 20. Rac1 Bg6 21. Nc3 Rc6 22. Ng3 Nf6 1/2-1/2

[Event "Pune"]
[Site "?"]
[Date "2004.??.??"]
[Round "?"]
[White "Kasimdzhanov, R."]
[Black "Sasikiran, K."]
[Result "1/2-1/2"]
[WhiteElo "2640"]
[BlackElo "2665"]
[PlyCount "35"]
[EventDate "2004.??.??"]
[Source "Chess Informant"]
[SourceDate "2004.06.01"]

1. e4 c5 2. Nf3 d6 3. Bb5+ Nd7 4. d4 Ngf6 5. Nc3 cxd4 6. Qxd4 e5 7. Qd3 h6 8. Be3 a6 9. Bc4 b5 10. Bd5 Rb8 11. O-O Be7 12. a3 O-O 13. Rfd1 Qc7 14. Nh4 Nc5 15. Bxc5 dxc5 16. Ng6 Re8 17. Nxe7+ Rxe7 18. Qe3 1/2-1/2

[Event "Madrid"]
[Site "?"]
[Date "1996.??.??"]
[Round "?"]
[White "Morozevich, A."]
[Black "Salov, V."]
[Result "0-1"]
[WhiteElo "2625"]
[BlackElo "2670"]
[PlyCount "118"]
[EventDate "1996.??.??"]
[Source "ChessBase"]
[SourceDate "1996.02.01"]

1. e4 c5 2. Nf3 d6 3. Bb5+ Nd7 4. c3 Ngf6 5. Qe2 a6 6. Ba4 Qc7 7. O-O c4 8. Bc2 e5 9. b4 Nb6 10. a4 Be6 11. h3 h6 12. Re1 Be7 13. a5 Nbd7 14. d4 cxd3 15. Bxd3 d5 16. exd5 Nxd5 17. Ra2 O-O 18. Rc2 Rac8 19. Bd2 Rfd8 20. Na3 Bf8 21. Nc4 Nf4 22. Bxf4 exf4 23. Nce5 Nxe5 24. Nxe5 Bd6 25. Nf3 Bf8 26. Ne5 Bd6 27. Nf3 Bb3 28. Rcc1 g6 29. h4 Bc4 30. h5 Bxd3 31. Qxd3 Bf8 32. Qb1 g5 33. c4 Bg7 34. c5 Rd5 35. Rcd1 Qd7 36. Qb3 Rxd1 37. Rxd1 Qf5 38. Rd5 Qe6 39. Qd3 g4 40. Rd6 Qe8 41. Nd2 Qe1+ 42. Nf1 g3 43. fxg3 Qxb4 44. Rd5 fxg3 45. Nxg3 Rxc5 46. Rd8+ Bf8 47. Qe3 Rc3 48. Qd2 Qc5+ 49. Kh2 Qe5 50. Qf2 Qg5 51. Ne2 Qxd8 52. Nxc3 Qc7+ 53. Qg3+ Qxg3+ 54. Kxg3 Bb4 55. Ne4 Bxa5 56. Kf3 Bb4 57. Ke3 f5 58. Nf6+ Kf7 59. Nd5 Bd6 0-1

[Event "Beijing"]
[Site "?"]
[Date "2000.??.??"]
[Round "?"]
[White "Peng, Xiaomin"]
[Black "Bologan, V."]
[Result "1/2-1/2"]
[WhiteElo "2655"]
[BlackElo "2640"]
[PlyCount "32"]
[EventDate "2000.??.??"]
[Source "Chess Informant"]
[SourceDate "2000.06.01"]

1. e4 c5 2. Nf3 d6 3. Bb5+ Nd7 4. d4 Ngf6 5. Nc3 cxd4 6. Qxd4 e5 7. Qd3 h6 8. Be3 a6 9. Bc4 b5 10. Bb3 Bb7 11. a4 Qa5 12. Nd2 Be7 13. O-O b4 14. Nd5 Bxd5 15. exd5 O-O 16. Nc4 Qxd5 1/2-1/2

[Event "Deutschland"]
[Site "?"]
[Date "1996.??.??"]
[Round "?"]
[White "Glek, I."]
[Black "Hracek, Z."]
[Result "1-0"]
[WhiteElo "2635"]
[BlackElo "2650"]
[PlyCount "83"]
[EventDate "1996.??.??"]
[Source "ChessBase"]
[SourceDate "1996.02.01"]

1. e4 c5 2. Nf3 Nc6 3. Bb5 d6 4. O-O Bd7 5. Re1 a6 6. Bf1 Nf6 7. c3 Bg4 8. h3 Bh5 9. d4 cxd4 10. cxd4 Bxf3 11. gxf3 g6 12. d5 Nb8 13. Qb3 Bg7 14. Qxb7 Nbd7 15. Qb3 O-O 16. Nc3 Nh5 17. f4 f5 18. Qd1 fxe4 19. Rxe4 Nc5 20. Rc4 Rb8 21. Be2 Nf6 22. Rb1 a5 23. Be3 Rb4 24. Rxb4 axb4 25. Nb5 Qd7 26. Kh2 Kh8 27. a3 bxa3 28. bxa3 Qf5 29. Bf3 Bh6 30. Rb4 Ra8 31. a4 g5 32. Nd4 Qg6 33. f5 Qe8 34. Ne6 Nxe6 35. dxe6 d5 36. Rb5 Qd8 37. Kg2 Qd6 38. Bc5 Qc7 39. Bd4 Bg7 40. Bxd5 Rd8 41. Bb6 Rxd5 42. Qxd5 1-0